[Event "Biel 53rd"]
[Site "Biel"]
[Date "2020.07.27"]
[Round "5"]
[White "Edouard, Romain"]
[Black "Naiditsch, Arkadij"]
[Result "1/2-1/2"]
[WhiteElo "2649"]
[BlackElo "2626"]
[Annotator "Edouard,R"]
[PlyCount "101"]
[EventDate "2020.07.21"]
[EventType "tourn"]
[EventRounds "7"]
[EventCountry "SUI"]
[EventCategory "17"]
[SourceTitle "CBM 197 Extra"]
[Source "ChessBase"]
[SourceDate "2020.09.30"]
[SourceVersion "1"]
[SourceVersionDate "2020.09.30"]
[SourceQuality "1"]

{[%evp 0,34,14,18,29,-9,-11,-11,-7,16,36,0,12,5,5,6,24,30,0,-24,93,27,63,58,53,
53,119,-1,46,70,48,48,17,54,38,16,6]} 1. d4 Nf6 2. c4 e6 3. Nc3 Bb4 4. Nf3 b6
5. Qb3 a5 {A rare move. Usually Black prefers 5...c5, which is much more
tricky.} 6. g3 Nc6 {I had never seen this move, but it seems quite dubious!
I've played several games as White after 6...Bb7.} 7. Bg2 a4 8. Qc2 Ba6 (8...
a3 9. O-O {seems to be the simplest path to an advantage.}) 9. O-O $1 a3 (9...
Bxc4 $2 10. Ne5 $1 {just doesn't work for Black:} Nxe5 (10... Nxd4 $2 11. Qd1
Bxc3 $6 12. Nxc4 $18) 11. Bxa8 $1 Qxa8 12. dxe5 Ng4 13. Bf4 $16 {1-0 (37)
Kolev,A (2380)-Bednarski,J (2360) Primorsko 1987}) 10. Rd1 $5 (10. Nb5 $5 {
would also be bette for White.}) 10... axb2 11. Bxb2 Na5 12. Ne5 c6 (12... Bb7
13. d5 $16) 13. d5 $2 {A natural move - but actually giving Black some
counterplay.} ({Arkadij correctly pointed out after the game that after} 13.
Ne4 Nxe4 14. Bxe4 {Black can almost resign. Indeed he doesn't have a move!}) (
13. c5 $1 {may be even simpler:} bxc5 14. dxc5 Bxc5 15. Ne4 Nxe4 16. Bxe4 $18)
13... cxd5 14. cxd5 Rc8 15. dxe6 ({The engine thinks it's better not to open
the f-file right away, and prefers to start} 15. Rac1 O-O 16. Qa4 {with the
idea of} Bc5 17. Nd3 {with a small but very pleasant avantage.}) 15... fxe6 16.
Rac1 O-O 17. Qa4 Bc5 (17... Bxc3 $6 18. Bxc3 $1 Bxe2 19. Rd2 b5 20. Qd4 $16)
18. Nxd7 Nxd7 19. Rxd7 Qf6 20. Kh1 $1 {The best move. Whte is winning.} (20.
Nd1 $2 Bxf2+ 21. Kh1 e5 $132) 20... Bxe2 (20... Qxf2 $2 21. Ne4 $18) (20...
Bxf2 $2 21. Rf1 Bxe2 22. Rxf2 $1 Qxf2 23. Nxe2 $18) 21. Qc2 $2 (21. Qe4 $1 {
would have put an end of the game.}) 21... Bf3 22. Ne4 Bxg2+ 23. Kxg2 Qf3+ 24.
Kg1 e5 $1 {The move I've missed.} (24... Bxf2+ $2 25. Nxf2 Rxc2 $2 26. Rxg7+
Kh8 27. Rxc2 $18) 25. Bxe5 Bxf2+ 26. Nxf2 Qxf2+ 27. Qxf2 Rxc1+ 28. Kg2 Rxf2+
29. Kxf2 Rc2+ 30. Kg1 (30. Kf3 Rxh2 31. Rxg7+ Kf8 {should be an easy draw for
Black.}) 30... g6 31. a4 Nc4 32. Rg7+ Kf8 33. Rc7 Rc1+ 34. Kg2 Ne3+ 35. Kf3
Rxc7 36. Bxc7 Nd5 37. Be5 Ke7 38. Ke4 Ke6 39. g4 h5 $2 ({Black should just
have waited with} 39... Ne7 {since after} 40. Bd4 Nd5 {not only White has no
useful waiting move (...Nc3+), while even Black has one (...Kd6).}) 40. gxh5
gxh5 41. Bd4 Kd6 $2 (41... h4 42. h3 Kd6 43. Kf5 Ne7+ $1 ({Funnily enough} 
43... Kd7 {draws as well, as after} 44. Bf2 Nc3 45. Bxh4 Nxa4 {the black king
is close enough to the h-pawn.}) ({The most natural move loses:} 43... Kc6 $4
44. Bf2 b5 45. axb5+ Kxb5 46. Bxh4 Ne3+ 47. Ke4 Nc4 48. Bg3 Kc6 49. Kf5 Kd7 50.
h4 Ne3+ 51. Kf6 Ke8 52. Bd6 $1 Kd7 53. Bc5 Nd5+ 54. Ke5 Ne7 55. h5 Ng8 56. Ba3
Ke8 57. Ke6 {and White slowly wins. The black knight will end up dominated.})
44. Kf4 (44. Kg4 Nd5 45. Kxh4 Nf4 $11) 44... Nd5+ 45. Kg4 Ke6 {and the h-pawn
is untouchale due to ...Nf4, unless White wants to captue it with his knight,
but then Black has ...Nc3. Conclusion: the only thing Black should not do is
to bring his king to the queenside!}) 42. Kf5 Kc6 43. Kg5 b5 44. a5 $4 (44.
axb5+ Kxb5 45. Kxh5 {was just winning! For example:} Kc4 (45... Kc6 46. Kg6 Kd7
47. Kf7 Ne7 48. Bf2 Nf5 49. Kf6 Nd6 50. Be3 Ne4+ 51. Ke5 Nc3 52. Bd4 Ne2 53.
Bc5 Ke8 54. Kf6 Nc3 55. Kg6 Nd5 56. h4 Nf4+ 57. Kf6 Nh5+ 58. Kg5 Ng7 59. Kg6
Ne6 60. Bd6 Kd7 61. Bb4 Ke8 62. Kf6 Nf4 63. Bd6 Nd5+ 64. Ke6 Ne7 65. h5 Ng8 66.
Bc5 Nh6 67. Kf6 Kd7 68. Kg6 Ng4 69. Kg5 Ne5 70. Kf5 Nf7 71. Bb4 Nh8 72. h6 Nf7
73. h7 $18) 46. Be5 Ne3 47. Bf4 Ng2 48. Kg4 Kd3 49. h3 $3 Ke2 (49... Ke4 50.
Bd2 $18) 50. Bb8 Kd3 51. Kg3 Ne3 52. Ba7 Nd5 53. Kf3 Ne7 54. Kf4 Ng6+ 55. Kf5
Nh4+ 56. Kg4 Ng6 57. Bb8 Ne7 58. Bd6 Nc6 59. h4 Ke4 60. Bg3 Ne7 61. Kg5 Ng8 62.
Bb8 Ne7 63. Bc7 Nf5 64. h5 Ng7 65. h6 Ne6+ 66. Kf6 Nxc7 67. h7 $18 {There are
computer lines. Could you do me a favor and not ask me to explain them? I
think they would be impossible to reproduce over the board!}) 44... b4 45. Kxh5
Kb5 46. Kg5 b3 (46... Nc3 $2 47. a6 Kxa6 48. h4 Kb5 49. h5 Kc4 50. h6 b3 (50...
Kxd4 51. h7 b3 52. h8=Q+ Kd3 53. Qh2 $18) 51. Bxc3 Kxc3 52. h7 $18) (46... Kxa5
47. h4 Ne7 48. h5 Ng8 49. Kg6 b3 {is a draw as well.}) 47. h4 Ne7 48. h5 Ng8
49. Bc3 Kc4 50. Bb2 Kb5 51. Bc3 (51. Kg6 Kxa5 52. Kg7 Ne7 53. Kf7 Nf5 {doesn't
bring anything.}) 1/2-1/2

[Event "Gibraltar Masters 15th"]
[Site "Caleta"]
[Date "2017.02.01"]
[Round "9"]
[White "Edouard, Romain"]
[Black "Short, Nigel D"]
[Result "1-0"]
[WhiteElo "2613"]
[BlackElo "2675"]
[Annotator "Edouard,R"]
[PlyCount "99"]
[EventDate "2017.01.24"]
[EventType "swiss"]
[EventRounds "10"]
[EventCountry "GGB"]
[SourceTitle "CBM 177"]
[Source "ChessBase"]
[SourceDate "2017.03.16"]
[SourceVersion "1"]
[SourceVersionDate "2017.03.16"]
[SourceQuality "1"]

1. d4 Nf6 2. c4 e6 3. Nc3 Bb4 4. Nf3 b6 5. Qb3 Ba5 $5 {A typical Nimzo move,
but one that I had seen here.} 6. g3 {In my opinion the correct reaction
against all moves but 5...c5.} (6. Bg5 Bb7 7. e3 h6 8. Bh4 d6 9. Bd3 Nbd7 10.
O-O-O $5 (10. O-O g5 11. Bg3 Nh5 $132) 10... Rc8 11. Kb1 Bxc3 (11... O-O $5 {
should just be very decent for Black, for example} 12. Nd2 Bxc3 13. Qxc3 Nd5
14. cxd5 Qxh4 $13) 12. Qxc3 c5 13. d5 O-O $6 14. e4 $6 (14. dxe6 fxe6 15. Qc2 {
should be better for White.}) 14... b5 $6 15. Qc2 $6 (15. dxe6 fxe6 16. e5 $40)
15... bxc4 16. Bxc4 exd5 17. exd5 Nb6 $15 {0-1 (50) Bocharov,D (2569)
-Jakovenko,D (2596) playchess.com INT 2004}) 6... Bb7 7. Bg2 d6 8. O-O O-O 9.
Rd1 h6 $5 {Avoiding all Bg5 ideas once and for all.} 10. a3 Re8 $2 {A brave
move - but too brave!} ({In order to keep delaying ...Bxc3, Black should play} 
10... Qe7 {with the idea} 11. Na2 c5 12. Qe3 Na6 {with a typical Nimzo
position.}) 11. Na2 $1 {Black is already in trouble: White has a simple threat
Qe3.} a6 $8 12. Bf4 $1 (12. Qe3 $2 {fails to} b5 13. b4 Bb6 14. c5 $2 dxc5 $17)
12... b5 $8 13. c5 $1 {Keeping the a5-bishop in the box.} g5 $2 {A mistake,
but the position is bad already.} (13... Nd5 $8 14. Qc2 Nxf4 15. gxf4 Bxf3 (
15... c6 16. cxd6 Qxd6 17. Ne5 $16) 16. Bxf3 c6 17. cxd6 Qxd6 18. e3 $16 {
/\Nc1-Nd3}) 14. Nxg5 $1 Bxg2 15. Kxg2 hxg5 16. Bxg5 Nbd7 17. Qf3 c6 18. b4 $6 (
18. e4 {right away was much stronger, as after} e5 19. d5 $1 cxd5 20. c6 dxe4
21. Qf5 $18 {the d6-pawn remains hanging.}) 18... Bc7 19. e4 e5 20. d5 cxd5 21.
c6 $6 (21. Nc3 $1 {/\N(x)d5 would win at once.}) 21... dxe4 22. Qf5 Qc8 $8 (
22... Re6 23. cxd7 Kg7 24. Nc3 $18) 23. cxd7 (23. Bxf6 Nxf6 24. Qg5+ $1 Kh7 25.
Qxf6 Qe6 26. Qxe6 Rxe6 27. Nc3 d5 28. Rxd5 Rxc6 29. Nxe4 $16) (23. Bh6 {
seemed to win at once, but after} Nf8 24. Qg5+ Ng6 25. Qxf6 Nf4+ $8 {White
does not have anything better than} 26. Bxf4 Re6 27. Qh4 exf4 28. Qxf4 d5 {
with some chances for Black.}) 23... Nxd7 24. Rac1 $6 (24. Qxe4 {with the idea}
Nb6 $6 25. Bf6 {was stronger.}) 24... Nb6 25. Qxe4 f5 (25... Nc4 26. Nc3 $18)
26. Qh4 Nc4 $6 (26... Qb7+ 27. Kg1 $18) (26... Qd7 $1 {was the best defence:}
27. Bf6 Bd8 28. Qh8+ Kf7 29. Qg7+ Ke6 30. Bxe5 $1 Qxg7 31. Bxg7 $16) 27. Nc3
Bd8 28. Nd5 Re6 29. Qh5 (29. Rc3 {with the idea Rf3 was even stronger!}) 29...
Ra7 (29... f4 $2 30. Bxd8 Qxd8 31. Qg4+ Kf7 32. Qf5+ $18) 30. Bxd8 Qxd8 31.
Qxf5 Rh6 32. Qe4 Rg7 (32... Rah7 33. h4 Rg7 34. Ne3 $1 {The simplest.} Nxe3+ (
34... Rxh4 35. Qd5+ Kf8 36. Nf5 $18) 35. Qxe3 Rxh4 (35... Qxh4 $2 36. Rh1 $18)
36. Qb3+ (36. Qxe5 Qa8+ 37. Qd5+ Qxd5+ 38. Rxd5 $18) 36... Kh8 37. Qe6 $18) 33.
Ne3 Nxe3+ 34. fxe3 $1 (34. Qxe3 $2 Qh4 $132) 34... Qd7 35. Qa8+ Kh7 36. Qe4+
Kh8 37. Kg1 Qh3 38. Qg2 Qg4 39. Rf1 Rg8 40. Qf3 Qg5 41. Rc6 {Now the time
trouble is over, and the position is unsavable for Black.} Qg6 42. Qf5 Qg7 43.
Rc8 $1 Rg6 44. Qh3+ Qh7 45. Rxg8+ Rxg8 46. Qe6 $1 (46. Qxh7+ $2 Kxh7 47. Rf7+
Kg6 48. Rd7 Kf5 $1 $132) 46... Qg6 47. Rf6 Qg5 (47... Qb1+ 48. Kg2 Qe4+ 49. Kh3
Rg7 50. Qe8+ Kh7 51. Qh5+ Kg8 52. Rxd6 $18) 48. Kf2 e4 49. Qxd6 Kh7 50. Qe6 1-0

[Event "Sinquefield Cup 2nd"]
[Site "Saint Louis"]
[Date "2014.08.30"]
[Round "4"]
[White "Carlsen, Magnus"]
[Black "Topalov, Veselin"]
[Result "1/2-1/2"]
[WhiteElo "2877"]
[BlackElo "2772"]
[Annotator "Finegold,B"]
[PlyCount "126"]
[EventDate "2014.08.27"]
[EventType "tourn"]
[EventRounds "10"]
[EventCountry "USA"]
[EventCategory "23"]
[SourceTitle "CBM 162"]
[Source "ChessBase"]
[SourceDate "2014.09.17"]
[SourceVersion "1"]
[SourceVersionDate "2014.09.17"]
[SourceQuality "1"]

1. d4 Nf6 2. c4 e6 3. Nc3 Bb4 4. Nf3 b6 5. Bd2 $5 {An unusual way to fight for
an advantage.} Bb7 6. g3 c5 7. dxc5 Bxc5 8. Bg2 O-O 9. O-O Be7 10. Bf4 Na6 11.
Nb5 d5 12. Ne5 Nc5 13. Rc1 a6 14. Nc3 dxc4 {Diagram # White has nothing from
the opening and the game is completely equal. Normally, this is where Magnus
outplays his opponents, but, thus far, not in this event.} 15. Bxb7 Nxb7 16.
Qxd8 Raxd8 17. Nc6 $5 {Magnus does not want the equality offered by 17.Nxc4}
Rde8 $5 (17... Rd7 18. Ne5 Rdd8 $11) 18. Rfd1 {Both sides decide to play for a
win. Now Topalov is ahead a pawn, but his Rf8 is out of play and white may
want to play Be5xf6 and penetrate with Rd7.} h6 19. e4 Bc5 $1 20. e5 {Diagram #
} Nd5 $1 {Topalov plays very accurately and maintains equality by giving back
the pawn.} 21. Nxd5 exd5 22. Rxd5 b5 $5 (22... Re6 23. Nd4 Bxd4 24. Rxd4 b5 $11
) 23. Be3 $1 Bxe3 24. fxe3 Re6 25. Nd4 Rb6 26. b3 Rc8 27. Kg2 {Diagram #} Rc5
$1 {This temporary pawn sacrifice ensures black has no difficulties.} 28. Rxc5
Nxc5 29. bxc4 bxc4 30. Rxc4 Nd3 31. Rc8+ Kh7 32. e6 fxe6 33. Kf3 Kg6 {Now the
game is just a draw. But Magnus goes a little too far and things get
interesting!} 34. a4 e5 35. Nc6 Kf5 36. g4+ (36. e4+ Ke6 37. Nb8 a5 38. Rc6+
Rxc6 39. Nxc6 Nb2 40. Nxa5 Nxa4 $11) 36... Ke6 37. a5 Rb5 38. Rd8 $2 (38. Rg8
Kd6 39. Nd8 Ke7 40. Nc6+ Kd6 $11) 38... Nc5 39. h4 Rb1 40. Rg8 Kd6 {Time
control was reached and only Topalov can play for a win now!} 41. Nb8 e4+ 42.
Kg2 Rb2+ 43. Kf1 Rb5 44. Kf2 $6 (44. Ke2 Kc7 (44... Ne6 45. Nxa6 Rxa5 46. Nb4
Rb5 47. Nc2 $11 {And the Ke2 makes all the difference (with the Kf2, as played
in the game, now 47...Rb2 wins)}) 45. Nxa6+ Nxa6 46. Rxg7+ Kc8 47. g5 $11)
44... Ne6 45. Rc8 Rxa5 (45... Rc5 {People got excited when they saw the
computer evals, but this is also a draw...} 46. Rxc5 Nxc5 47. h5 Kc7 48. Nxa6+
Nxa6 49. Kg3 $11) 46. Rc6+ Kd5 47. Rxa6 Rxa6 48. Nxa6 Kc6 49. Nb4+ Kc5 50. Nc2
Kc4 51. Ke2 g5 52. hxg5 hxg5 53. Kd2 {White needs to be careful, but this is
an easy draw for Magnus.} Nc5 54. Na3+ Kb4 55. Nc2+ Kc4 56. Na3+ Kd5 57. Nb5
Nd7 58. Nc3+ Ke5 59. Nd1 Nf6 60. Nf2 Kd5 61. Nh3 Nxg4 62. Nxg5 Nxe3 63. Nxe4
Ke5 1/2-1/2

[Event "Sarajevo Bosnia 39th"]
[Site "Sarajevo"]
[Date "2009.05.15"]
[Round "7"]
[White "Sokolov, Ivan"]
[Black "Eljanov, Pavel"]
[Result "0-1"]
[WhiteElo "2669"]
[BlackElo "2693"]
[Annotator "Ftacnik,L"]
[PlyCount "48"]
[EventDate "2009.05.07"]
[EventType "tourn"]
[EventRounds "10"]
[EventCountry "BIH"]
[EventCategory "18"]
[SourceTitle "CBM 130"]
[Source "ChessBase"]
[SourceDate "2009.05.20"]
[SourceVersion "1"]
[SourceVersionDate "2009.05.20"]
[SourceQuality "1"]

1. d4 Nf6 2. c4 e6 3. Nf3 b6 4. Nc3 Bb4 5. Qb3 c5 6. e3 O-O {White will have
to invest some time into attempts to prove, that the combination of b6 and Bb4
moves is too ambitious on Black's part. It makes sense to castle as quickly as
possible and keep the flexibility for the other pieces.} (6... Nc6 7. a3 Ba5 (
7... cxd4 8. exd4 Bxc3+ 9. Qxc3 Bb7 10. Bd3 Ne7 11. Bg5 Rc8 12. O-O Ne4 13.
Bxe4 Bxe4 14. Nd2 Bb7 15. Rfe1 O-O {0-1 Petran,P (2425)-Csom,I (2460)/Budapest
1991 (39)}) 8. Bd3 O-O 9. O-O Bxc3 10. Qxc3 Qe7 11. b3 Rd8 12. Bb2 d6 13. d5
Nb8 14. dxe6 fxe6 15. Ng5 e5 16. f4 Nc6 17. Rae1 h6 18. Ne4 Bf5 19. Nxf6+ Qxf6
20. fxe5 {1-0 Rasmussen,H (2158)-Petersen,S (2164)/Denmark 2008}) (6... Bb7 7.
Bd3 Bxf3 8. gxf3 cxd4 9. Qxb4 Nc6 10. Qa3 dxc3 11. Qxc3 d5 12. cxd5 Qxd5 13. e4
Qa5 14. Qxa5 Nxa5 15. Bb5+ Ke7 16. Bd2 a6 17. Bb4+ Kd8 18. Ba4 Rc8 19. Rg1 Rg8
20. Bxa5 bxa5 21. Rg5 {1-0 Uhlmann,W-Platz,H/Meerane 1954 (46)}) 7. Bd3 $6 {
Sokolov was far from his best form in Sarajevo and it often translates into
small innacuracies. Centralization of the light squared bishop is not
advisable, as the knight on f3 needs support.} (7. Be2 Ne4 (7... Bb7 8. O-O
Bxc3 9. Qxc3 Qe7 10. b3 d6 11. dxc5 bxc5 12. Bb2 Nbd7 13. Rfd1 e5 14. Qd2 Ne4
15. Qc2 f5 16. Ne1 Qh4 17. Bf3 Rf6 18. g3 Qg5 19. Qe2 Rh6 {0-1 Tolnai,T (2230)
-Lukacs,P (2470)/Budapest 1982 (29)}) 8. Bd2 Nxd2 9. Nxd2 Nc6 10. a3 Ba5 11.
Nf3 cxd4 12. exd4 Ba6 13. O-O Bxc3 14. Qxc3 Rc8 15. Rfe1 Ne7 {1/2-1/2 Browne,W
(2585)-Lein,A (2490)/Chicago 1982}) 7... Bb7 8. O-O Nc6 (8... Bxf3 9. gxf3 Nc6
10. dxc5 bxc5 11. a3 Ba5 12. f4 Rb8 $15) 9. a3 Na5 10. Qc2 $2 {White is
insisting on recapturing the bishop with the queen, but the neglect of the
kingside structure will be costly.} (10. Qd1 $1 Bxc3 11. bxc3 Rc8 $15) 10...
Bxc3 11. Qxc3 (11. bxc3 cxd4 12. cxd4 Rc8 13. Nd2 Ba6 $17) 11... cxd4 (11...
Bxf3 12. gxf3 cxd4 13. exd4 Rc8) 12. exd4 (12. Nxd4 Rc8 13. b3 d5 14. Rd1 dxc4
15. bxc4 Nxc4 16. Bxc4 Bd5 17. Nxe6 fxe6 18. Bxd5 Rxc3 19. Bxe6+ Kh8 20. Rxd8
Rxd8 $17) 12... Bxf3 $1 {Eljanov was shining brightly in Bosnia event and his
courageous decision to part with second bishop is fully justified.} 13. gxf3
Rc8 14. b3 (14. c5 Nd5 15. Qc2 f5 16. Be3 Qh4 $17) 14... Nh5 $1 {[%mdl 2048]
Both knights at the edge of the board are fullfilling useful functions while
white bishops are only dreaming about chances to show their potential. A model
example of the perfect exception to the general rules!} 15. Be2 (15. Re1 f5 $1
16. Ra2 Qh4 17. Kh1 Nf4 18. Rg1 Rf6 $17) (15. d5 exd5 16. Qe5 dxc4 17. Bxh7+
Kxh7 18. Qxh5+ Kg8 19. bxc4 Nxc4 $17) 15... Qh4 16. Rd1 (16. c5 Nc6 17. Rd1 Ne7
$17) 16... f5 17. Rb1 (17. Bb2 Rf6 18. Kh1 Nf4 19. d5 Rg6 $19) 17... Rf6 $1 {
White's compromised kingside can not be properly defended.} 18. Qe1 Nc6 19. d5
(19. Bb2 Rh6 20. Qd2 Nf4 21. Kf1 Qxh2 22. Ke1 Qh1+ 23. Bf1 Qxf1+ 24. Kxf1 Rh1#)
19... Nd4 20. Kh1 e5 21. Rxd4 {The act of complete desperation. With each move
the position was becoming less defensible for white.} (21. Bb2 Rh6 22. Bxd4
Ng3+ $19) (21. Be3 Nc2 22. Qg1 Rg6 $19) 21... exd4 22. Bf1 Rg6 23. Bd2 (23. Bg2
Kf7 24. Qf1 Re8 $19) 23... Nf4 24. Rd1 Nd3 $1 {A charming final with a small
combination, even the second knight got centralized in the end!} (24... Nd3 $1
25. Bxd3 Qh3 26. Qf1 Qxf3+ $19) 0-1

[Event "Hilversum KRO m"]
[Site "Hilversum"]
[Date "1990.??.??"]
[Round "1"]
[White "Seirawan, Yasser"]
[Black "Timman, Jan H"]
[Result "1/2-1/2"]
[WhiteElo "2635"]
[BlackElo "2660"]
[Annotator "Ftacnik,L"]
[PlyCount "122"]
[EventDate "1990.12.??"]
[EventType "match"]
[EventRounds "6"]
[EventCountry "NED"]
[SourceTitle "CBM 021"]
[Source "ChessBase"]
[SourceDate "1991.04.01"]
[SourceVersion "1"]
[SourceVersionDate "1991.04.01"]
[SourceQuality "1"]

1. d4 Nf6 2. c4 e6 3. Nf3 b6 4. Nc3 Bb4 5. Qb3 c5 6. a3 Ba5 7. e3 O-O 8. Be2
Ne4 9. d5 Bxc3+ 10. bxc3 Ba6 11. Bb2 Qe7 12. Rd1 Re8 13. Bd3 Nd6 (13... exd5
14. cxd5 Nxf2 15. Kxf2 $1 Qxe3+ 16. Kg3 Bxd3 (16... Re5 17. Bc1 $1) 17. Rhe1
Be2 18. Rd2 $18) 14. Qc2 e5 (14... Bxc4 $2 15. Bxh7+ Kh8 16. dxe6 dxe6 17. Ne5
$40) 15. Nd2 (15. Bxh7+ Kh8 16. Be4 f5 $1) 15... e4 16. Be2 Nf5 17. O-O d6 18.
Nxe4 $1 Qxe4 19. Bd3 Nxe3 20. fxe3 Qxe3+ 21. Rf2 g6 22. Bc1 Qe7 23. Rdf1 Nd7 (
23... f5 24. g4 $1 fxg4 25. Bxg6) 24. Rxf7 Qxf7 25. Rxf7 Kxf7 26. Bf4 Ne5 27.
Bxe5 dxe5 (27... Rxe5 28. Qa4 $1) 28. Be4 $1 Bxc4 29. Qa4 b5 30. Qa5 a6 31. d6
Rad8 32. Qc7+ Kg8 33. d7 Rf8 34. h4 Be6 35. Qxe5 Kf7 (35... Bxd7 36. Bd5+ Rf7
37. Qe7 $1) 36. Bc6 c4 37. Qd6 $2 (37. g4 $1 $18) 37... h5 $1 38. Kh2 (38. Kf2
$1 Rg8 39. Ke3 g5 40. Kd4 gxh4 41. Kc5 Rb8 42. Qf4+ Ke7 43. Qxh4+ Kf7 44. Kd6
Bg4 45. Qe7+ Kg6 46. Be4+ $18) 38... Rg8 39. Kg3 (39. Qf4+ Ke7 40. Qe5 $1)
39... g5 40. hxg5 Rxg5+ 41. Kh2 Rf5 42. a4 bxa4 43. Bxa4 a5 44. Qd4 Ke7 45. Qe4
Rg8 46. Bc6 Kd6 47. Qd4+ Kxc6 48. d8=Q Rxd8 49. Qxd8 Rc5 50. Kg3 Rf5 51. Kh4
Rc5 52. Qe7 Bd7 53. Kg3 Rd5 54. Kf4 Kb5 55. Qe4 Bc6 56. Qb1+ Kc5 57. Qa2 Kb5
58. Qb2+ Kc5 59. g3 Rd3 60. Qa3+ Kb6 61. Qb2+ Kc5 {Ftacnik,L} 1/2-1/2

[Event "Helsinki op"]
[Site "Helsinki"]
[Date "1992.??.??"]
[Round "4"]
[White "Yrjola, Jouni"]
[Black "Lerner, Konstantin Z"]
[Result "1/2-1/2"]
[WhiteElo "2460"]
[BlackElo "2530"]
[Annotator "Ftacnik,L"]
[PlyCount "57"]
[EventDate "1992.09.??"]
[EventType "swiss"]
[EventRounds "9"]
[EventCountry "FIN"]
[SourceTitle "CBM 032"]
[Source "ChessBase"]
[SourceDate "1993.02.01"]
[SourceVersion "1"]
[SourceVersionDate "1993.02.01"]
[SourceQuality "1"]

1. d4 Nf6 2. c4 e6 3. Nf3 b6 4. Nc3 Bb4 5. Qb3 c5 6. a3 Ba5 7. Bg5 h6 8. Bh4 g5
9. Bg3 Ne4 10. e3 (10. O-O-O Bxc3 11. bxc3 Nc6 $13) 10... Nc6 11. Bd3 (11. d5
$6 Bxc3+ 12. bxc3 Na5 13. Qc2 Nxg3 14. hxg3 Ba6 {xc4}) 11... Nxg3 12. hxg3 g4
13. d5 (13. Nd2 cxd4 14. exd4 Nxd4 15. Qd1 Bxc3 16. bxc3 Nc6 17. Qxg4 Ne5 18.
Qe4 Nxd3+ 19. Qxd3 Bb7 20. Qd4 Rh7 $10) 13... gxf3 (13... exd5 $1 14. cxd5 gxf3
15. dxc6 fxg2 16. Rg1 Qf6 17. O-O-O Bxc3 18. cxd7+ Bxd7 19. Qxc3 Qxc3+ 20. bxc3
Bc6 21. e4 $10) 14. dxc6 fxg2 15. Rg1 Qf6 (15... dxc6 16. O-O-O $16) 16. Be4 $1
Bxc3+ $146 (16... d5) 17. Qxc3 (17. bxc3 Rb8 18. c7 Rb7 19. Bxb7 Bxb7 20. Rxg2
Ke7 21. Rh2 Rc8 22. O-O-O Rxc7 $13) 17... Qxc3+ 18. bxc3 d6 $1 (18... Rb8 19.
c7 Rb7 20. Bxb7 Bxb7 21. Rxg2 Ke7 22. Rh2 Kd6 23. c8=Q Bxc8 24. O-O-O+ Ke7 25.
Rdh1 $16) (18... d5 19. cxd5 exd5 20. Bxd5 Bh3 21. f3 h5 22. Kf2 $16) 19. O-O-O
(19. c7 d5 20. cxd5 Bb7 21. O-O-O Bxd5 22. Bxd5 exd5 23. Rxd5 Rc8 24. Rxg2 Rxc7
25. Rh2 Rc6 $10) 19... Ba6 20. Rxd6 Rd8 21. Rxd8+ Kxd8 22. Rd1+ Kc8 23. Bxg2
Rd8 24. Rh1 Bxc4 25. Rxh6 Kc7 (25... Bd5 26. Bxd5 Rxd5 27. Rh7 Rf5 28. f4 Kc7
29. g4 $18) 26. Rh7 (26. Rf6 $5 Rf8 27. g4 Kd6 28. g5 Ke7 29. Rf4 Bd3 $14)
26... Rf8 27. Be4 Kd6 28. g4 Bb5 29. c7 1/2-1/2